Normal view MARC view
  • Supervisor DR. HAMMID MEHMOOD ALLAH DITTA KAMBOH

Entry Personal Name

Number of records used in: 1

001 - CONTROL NUMBER

  • control field: 69932

003 - CONTROL NUMBER IDENTIFIER

  • control field: NUST

005 - DATE AND TIME OF LATEST TRANSACTION

  • control field: 20210628204330.0

008 - FIXED-LENGTH DATA ELEMENTS

  • fixed length control field: 210628|| aca||aabn | a|a d

040 ## - CATALOGING SOURCE

  • Original cataloging agency: NUST
  • Transcribing agency: NUST

100 ## - HEADING--PERSONAL NAME

  • Personal name: Supervisor DR. HAMMID MEHMOOD ALLAH DITTA KAMBOH

670 ## - SOURCE DATA FOUND

  • Source citation: Work cat.: (NUST): MUHAMMAD AZIZ UL HAQ 69931, TH-SOF-1344-Indoor localization using Machine learning, 2016
© 2023 Central Library, National University of Sciences and Technology. All Rights Reserved.